logo

Bir Sreshtho Munshi Abdur Rouf Library
Jhenaidah Cadet College

The science of zoology / (Record no. 7689)

MARC details
000 -LEADER
fixed length control field 00588cam a2200229u 4500
001 - CONTROL NUMBER
JCCL Control Number 7689
003 - CONTROL NUMBER IDENTIFIER
JCCL marc code BD-JhCC
005 - DATE AND TIME OF LATEST TRANSACTION
control field 20180222140558.0
008 - FIXED-LENGTH DATA ELEMENTS--GENERAL INFORMATION
fixed length control field 830613s1952 wiua 000 0 eng
035 ## - SYSTEM CONTROL NUMBER
system control number (BD-JhCC)
040 ## - CATALOGING SOURCE
Original cataloging agency DLC
Transcribing agency CarP
Modifying agency DLC
041 ## - LANGUAGE CODE
Language code of Book eng
050 00 - LIBRARY OF CONGRESS CALL NUMBER
Classification number QL47
Item number .P43
082 ## - DEWEY DECIMAL CLASSIFICATION NUMBER
Classification number 590
Author mark and Year PER 1952
100 1# - MAIN ENTRY--PERSONAL NAME
Personal name Perry, James Cecil,
Dates associated with a name 1899- [from old catalog]
245 14 - TITLE STATEMENT
Title The science of zoology /
Statement of responsibility, etc James Cecil Perry
260 ## - PUBLICATION, DISTRIBUTION, ETC. (IMPRINT)
Place of publication, distribution, etc Milwaukee,
Name of publisher, distributor, etc Bruce Pub. Co.
Date of publication, distribution, etc [1952]
300 ## - PHYSICAL DESCRIPTION
Pagination 709 p. :
Other physical details illus.
Dimensions 24 cm.
650 #0 - SUBJECT ADDED ENTRY--TOPICAL TERM
Topical term or geographic name as entry element Zoology.
942 ## - ADDED ENTRY ELEMENTS (KOHA)
Source of classification or shelving scheme Dewey Decimal Classification
Koha item type Books
Holdings
Source of classification or shelving scheme Damaged status Not for loan Home library Current library Shelving location Total Checkouts Full call number Barcode Date last seen Copy number Koha item type
Dewey Decimal Classification     JCC Rouf Library JCC Rouf Library General Stacks   590 PER 1952 10242 02/13/2018 C - 1 Books

JCC Library | Contacts | JCC Home

Last Update on 23 September 2017
Copyright @ 2017-2020 JCC Rouf Library
Rouf Library, Jhenidah Cadet College (JCC), Bangladesh